header

Review of secondary waste disposal planning for the Blue Grass and Pueblo Chemical Agent Destruction Pilot Plants (Record no. 23645)

MARC details
000 -LEADER
fixed length control field 01735nam a2200313Ia 4500
245 00 - TITLE STATEMENT
Title Review of secondary waste disposal planning for the Blue Grass and Pueblo Chemical Agent Destruction Pilot Plants
260 ## - PUBLICATION, DISTRIBUTION, ETC. (IMPRINT)
Place of publication Washington, D.C. :
Name of publisher National Academies Press,
Year of publication 2008.
300 ## - PHYSICAL DESCRIPTION
Number of Pages xvi, 67 p. :
Other physical details ill.
650 #0 - SUBJECT ADDED ENTRY--TOPICAL TERM
Topical Term Chemical weapons disposal
Topical Term Chemical weapons disposal
856 40 - ELECTRONIC LOCATION AND ACCESS
Uniform Resource Identifier http://site.ebrary.com/lib/rucke/Doc?id=10267567

No items available.

© 2026 Rongo University
Contact us: librarian | system librarian | Rongo university